| 000 | 00503nam a2200157 a 4500 | ||
|---|---|---|---|
| 001 | 3253 | ||
| 003 | CDMR | ||
| 005 | 20151019134801.0 | ||
| 008 | 130130s1972||||||||||||||||||||||||||||d | ||
| 040 |
_aCDMR _bcat _cCDMR |
||
| 100 | 1 |
_aMontoto, Ángel _92353 |
|
| 245 | 1 | 0 |
_aPrólogo para un estudio de la prensa anarcosindicalista barcenolesa durante la Guerra de España (1936-1939) _cAngel Montoto |
| 260 |
_aBarcelona _c1972 |
||
| 650 | 0 | 4 |
_93196 _aEspanya _xHistòria _y1936-1939, Guerra Civil |
| 942 |
_cTSN _2udc |
||
| 999 |
_c3253 _d3253 |
||